[Event "UZB-ch 1st League"]
[Site "Tashkent"]
[Date "2012.04.17"]
[Round "6"]
[White "Aliyev, Kosim"]
[Black "Sultanov, Izzatilla"]
[Result "0-1"]
[WhiteElo "2087"]
[BlackElo "2157"]
[PlyCount "110"]
[EventDate "2012.04.12"]
[EventType "tourn"]
[EventRounds "9"]
[EventCountry "UZB"]
[SourceTitle "EXT 2013"]
[Source "ChessBase"]
[SourceDate "2012.11.22"]
[SourceVersion "1"]
[SourceVersionDate "2012.11.22"]
[SourceQuality "1"]

1. d4 Nf6 2. Bg5 h6 3. Bxf6 exf6 4. e3 d5 5. c4 dxc4 6. Bxc4 Bd6 7. Nf3 0-0 8. 0-0 f5 9. Nc3 Nd7 10. Qc2 Nf6 11. Bd3 g6 12. Nb5 Be6 13. Bc4 Nd5 14. Nxd6 Qxd6 15. Ne5 Rfd8 16. Rac1 Rac8 17. Nd3 b6 18. Rfd1 c6 19. Ba6 Rc7 20. a3 Kg7 21. b4 f6 22. Bc4 Rdd7 23. Qa2 Bf7 24. Rc2 Re7 25. Re1 Re4 26. Qb1 Rce7 27. Rcc1 g5 28. Qc2 h5 29. Ba2 Be8 30. b5 cxb5 31. Qb3 Bf7 32. Qxb5 f4 33. Bxd5 Bxd5 34. exf4 Qxa3 35. Qxd5 Qxd3 36. Rxe4 Qxe4 37. Qxe4 Rxe4 38. fxg5 Rxd4 39. g3 Rd7 40. gxf6+ Kxf6 41. Kg2 b5 42. Kf3 b4 43. Ke3 a5 44. Rc6+ Kg7 45. Rb6 Rd1 46. f4 Rb1 47. Kd3 b3 48. Kc3 a4 49. Rb5 a3 50. Rb7+ Kf6 51. Rb6+ Kf5 52. Rb5+ Kg4 53. Rg5+ Kf3 54. Rxh5 b2 55. Rb5 Rc1+ 0-1

[Event "UZB-ch U20"]
[Site "Tashkent"]
[Date "2011.09.18"]
[Round "13"]
[White "Sapaev, Maksad"]
[Black "Sultanov, Izzatilla"]
[Result "1/2-1/2"]
[WhiteElo "2140"]
[BlackElo "2151"]
[PlyCount "111"]
[EventDate "2011.09.06"]
[EventType "tourn"]
[EventRounds "13"]
[EventCountry "UZB"]
[SourceTitle "CBM 144 Extra"]
[Source "ChessBase"]
[SourceDate "2011.10.28"]
[SourceVersion "1"]
[SourceVersionDate "2011.10.28"]
[SourceQuality "1"]

1. e4 e5 2. Nf3 Nc6 3. Bb5 a6 4. Ba4 Nf6 5. 0-0 b5 6. Bb3 Bb7 7. d3 h6 8. a4 d6 9. Nc3 b4 10. Nd5 Be7 11. a5 0-0 12. c3 bxc3 13. bxc3 Nxd5 14. Bxd5 Nxa5 15. Qa4 c6 16. Ba2 c5 17. Bd5 Bxd5 18. exd5 Nb7 19. Be3 Qc7 20. Rfb1 Rfb8 21. Qc6 Bd8 22. Qe8+ Kh7 23. g3 Na5 24. Nd2 c4 25. dxc4 Bg5 26. Rxb8 Rxb8 27. Qa4 Bxe3 28. fxe3 Qc5 29. Qc2+ g6 30. Qd3 Rb2 31. Ne4 Qxc4 32. Qxc4 Nxc4 33. Rxa6 Nxe3 34. Nxd6 Rg2+ 35. Kh1 Rf2 36. Ra1 Nxd5 37. Kg1 Rf6 38. Ne4 Rc6 39. Kg2 Rc4 40. Nd6 Rxc3 41. Nxf7 e4 42. Ra7 Rc2+ 43. Kf1 e3 44. Ne5+ Kg8 45. Rd7 Rf2+ 46. Ke1 Nb4 47. Rd8+ Kg7 48. Rd7+ Kf8 49. Nxg6+ Kg8 50. Nf4 Rxh2 51. Kd1 Rd2+ 52. Rxd2 exd2 53. Kxd2 Nc6 54. Ke3 Kf7 55. Ke4 Kf6 56. Ng2 1/2-1/2

[Event "UZB-ch U20"]
[Site "Tashkent"]
[Date "2011.09.17"]
[Round "12"]
[White "Sultanov, Izzatilla"]
[Black "Khoroshev, Nikita"]
[Result "0-1"]
[WhiteElo "2151"]
[BlackElo "2263"]
[PlyCount "72"]
[EventDate "2011.09.06"]
[EventType "tourn"]
[EventRounds "13"]
[EventCountry "UZB"]
[SourceTitle "CBM 144 Extra"]
[Source "ChessBase"]
[SourceDate "2011.10.28"]
[SourceVersion "1"]
[SourceVersionDate "2011.10.28"]
[SourceQuality "1"]

1. e4 e5 2. Nf3 Nc6 3. Bb5 Nf6 4. 0-0 Nxe4 5. d4 Nd6 6. Bxc6 dxc6 7. dxe5 Nf5 8. Qxd8+ Kxd8 9. Nc3 Ke8 10. Ne2 Be6 11. Nfd4 Nxd4 12. Nxd4 Bc4 13. Re1 Rd8 14. Be3 c5 15. Nf5 Be6 16. Ng3 h5 17. a4 Rd5 18. Rad1 h4 19. Ne4 Rh5 20. f4 Rxd1 21. Rxd1 Bf5 22. Nxc5 Bxc5 23. Bxc5 Bxc2 24. Ra1 g5 25. Be3 gxf4 26. Bxf4 Rf5 27. g3 hxg3 28. hxg3 Rh5 29. Rc1 Bxa4 30. Rxc7 Bc6 31. b4 Rh1+ 32. Kf2 Rb1 33. Bd2 Rb3 34. g4 a6 35. g5 Rf3+ 36. Kg1 Kd8 0-1

[Event "UZB-ch U20"]
[Site "Tashkent"]
[Date "2011.09.12"]
[Round "7"]
[White "Sultanov, Izzatilla"]
[Black "Begmuratov, Alisher"]
[Result "1-0"]
[WhiteElo "2151"]
[BlackElo "2117"]
[PlyCount "85"]
[EventDate "2011.09.06"]
[EventType "tourn"]
[EventRounds "13"]
[EventCountry "UZB"]
[SourceTitle "CBM 144 Extra"]
[Source "ChessBase"]
[SourceDate "2011.10.28"]
[SourceVersion "1"]
[SourceVersionDate "2011.10.28"]
[SourceQuality "1"]

1. e4 c5 2. Nf3 Nc6 3. d4 cxd4 4. Nxd4 Nf6 5. Nc3 g6 6. Bc4 Bg7 7. Be3 0-0 8. Bb3 d6 9. f3 Bd7 10. Qd2 Nxd4 11. Bxd4 b5 12. 0-0 a5 13. a4 b4 14. Ne2 Qc7 15. Rfd1 Qb7 16. Kh1 Rac8 17. Rac1 Bc6 18. Ng3 Rc7 19. Qg5 e5 20. Bf2 d5 21. exd5 Nxd5 22. Ne4 Nf4 23. Nd6 Qa8 24. Be3 Bxf3 25. Bxf4 Bxd1 26. Bxe5 Bxe5 27. Qxe5 Bxc2 28. Bxc2 b3 29. Nf5 gxf5 30. Qxc7 bxc2 31. Qg3+ Kh8 32. Qe5+ Kg8 33. Qxf5 Rc8 34. Rxc2 Rxc2 35. Qxc2 Qb7 36. Qd2 Qb6 37. h3 Kg7 38. Qc3+ f6 39. b3 Qd6 40. Qxa5 Qd1+ 41. Kh2 Qxb3 42. Qc7+ Kg8 43. Qg3+ 1-0

[Event "Tashkent New Year-B"]
[Site "Tashkent"]
[Date "2010.12.24"]
[Round "4"]
[White "Nigmatov, Ortik"]
[Black "Sultanov, Izzatilla"]
[Result "0-1"]
[WhiteElo "1881"]
[BlackElo "2130"]
[PlyCount "78"]
[EventDate "2010.12.21"]
[EventType "swiss"]
[EventRounds "9"]
[EventCountry "UZB"]
[SourceTitle "EXT 2013"]
[Source "ChessBase"]
[SourceDate "2012.11.22"]
[SourceVersion "1"]
[SourceVersionDate "2012.11.22"]
[SourceQuality "1"]

1. e4 e5 2. Nf3 Nc6 3. Bc4 Nf6 4. d3 d5 5. exd5 Nxd5 6. 0-0 Be7 7. Re1 0-0 8. Nc3 Nxc3 9. bxc3 Bf6 10. Bd2 Re8 11. h3 Na5 12. Bb5 c6 13. Ba4 b5 14. Bb3 Bb7 15. Rb1 c5 16. c4 Nxb3 17. axb3 b4 18. Be3 Qc7 19. Nh2 g6 20. Ng4 Bg7 21. f3 f5 22. Nf2 h6 23. Bc1 Rad8 24. Bb2 Kh7 25. Re3 Re7 26. Qe2 Rde8 27. Re1 Bf6 28. Kh1 h5 29. Kg1 Kg8 30. Kh1 Kf7 31. Kg1 Qc6 32. Kf1 Re6 33. Kg1 a6 34. Kf1 e4 35. Bc1 exf3 36. Qxf3 Qc7 37. Qd1 Qh2 38. g3 Qg2+ 39. Ke2 Bf3+ 0-1

[Event "Tashkent New Year-B"]
[Site "Tashkent"]
[Date "2010.12.23"]
[Round "3"]
[White "Sultanov, Izzatilla"]
[Black "Galyamov, Vildan"]
[Result "0-1"]
[WhiteElo "2130"]
[BlackElo "2172"]
[PlyCount "106"]
[EventDate "2010.12.21"]
[EventType "swiss"]
[EventRounds "9"]
[EventCountry "UZB"]
[SourceTitle "EXT 2013"]
[Source "ChessBase"]
[SourceDate "2012.11.22"]
[SourceVersion "1"]
[SourceVersionDate "2012.11.22"]
[SourceQuality "1"]

1. e4 e6 2. d4 d5 3. Nd2 dxe4 4. Nxe4 Nd7 5. Nf3 Ngf6 6. Bd3 Nxe4 7. Bxe4 Nf6 8. Bg5 Be7 9. Bd3 c5 10. dxc5 Qa5+ 11. c3 Qxc5 12. 0-0 0-0 13. Qc2 h6 14. Be3 Qc7 15. Bd4 Nd7 16. Qe2 Nc5 17. Bc2 b6 18. Bxc5 Bxc5 19. Qe4 g6 20. Qxa8 Bb7 21. Qxf8+ Kxf8 22. Bd1 Qf4 23. Re1 g5 24. b4 Bd6 25. g3 Qf6 26. Re3 g4 27. Ne1 Bxb4 28. Bxg4 Bc5 29. Re2 h5 30. Bh3 Qxc3 31. Rd1 h4 32. Rc2 Qa3 33. Bg2 hxg3 34. hxg3 Ba6 35. Nf3 Bb5 36. Rcd2 Bc6 37. Ne5 Ba4 38. Rd8+ Ke7 39. R1d3 Qxa2 40. Ra8 Bb5 41. Kh2 Bxd3 42. Rxa7+ Qxa7 43. Nc6+ Kd6 44. Nxa7 Bxf2 45. Nc6 Bc5 46. Bf3 e5 47. Nd8 f5 48. Nf7+ Ke6 49. Ng5+ Kf6 50. Nh3 b5 51. Bd1 Be4 52. Ng1 Bxg1+ 53. Kxg1 b4 0-1